[Event "Nittenau-ch 04th"]
[Site "Nittenau"]
[Date "2004.08.29"]
[Round "5"]
[White "Brueckl, Timo"]
[Black "Bauer, Tobias"]
[Result "0-1"]
[WhiteElo "952"]
[BlackElo "1360"]
[PlyCount "40"]
[EventDate "2004.08.27"]
[EventType "swiss"]
[EventRounds "5"]
[EventCountry "GER"]
[SourceTitle "EXT 2022"]
[Source "ChessBase"]
[SourceDate "2021.10.06"]
[SourceVersion "1"]
[SourceVersionDate "2021.10.06"]
[SourceQuality "1"]

1. e4 c5 2. Nf3 Nc6 3. Nc3 d6 4. Bb5 Bd7 5. 0-0 Nf6 6. d3 g6 7. Bf4 Bg7 8. e5 Nh5 9. Qd2 Nxf4 10. Qxf4 Nxe5 11. Nxe5 Bxe5 12. Qc4 a6 13. Bxd7+ Qxd7 14. b4 b5 15. Qe4 Rc8 16. Qe1 cxb4 17. Nd5 Qb7 18. Qe4 Qa7 19. Rac1 a5 20. c4 bxc3 0-1